Introduction à la géographie humaine (notice n° 2175695)
[ vue normale ]
| 000 -LEADER | |
|---|---|
| fixed length control field | 01159cam a2200157 4500500 |
| 005 - DATE AND TIME OF LATEST TRANSACTION | |
| control field | 20260405051139.0 |
| 041 ## - LANGUAGE CODE | |
| Language code of text/sound track or separate title | fre |
| 042 ## - AUTHENTICATION CODE | |
| Authentication code | dc |
| 100 10 - MAIN ENTRY--PERSONAL NAME | |
| Personal name | Bailly, Antoine |
| Relator term | author |
| 245 00 - TITLE STATEMENT | |
| Title | Introduction à la géographie humaine |
| 260 ## - PUBLICATION, DISTRIBUTION, ETC. | |
| Name of publisher, distributor, etc. | Armand Colin,<br/> |
| Date of publication, distribution, etc. | 2016.<br/> |
| 520 ## - SUMMARY, ETC. | |
| Summary, etc. | Ce manuel constitue une introduction de base à la géographie humaine. Pour initier les étudiants à la géographie classique et à la nouvelle géographie, il traite, en termes généraux, de l'histoire de la discipline, de ses idéologies, de ses problématiques et de ses démarches scientifiques.Par souci d'illustration, il applique concepts et théories aux sociétés rurales, industrielles, urbaines, et aux risques de nos sociétés.Témoignage de l'évolution d'une discipline en pleine mutation au sein des sciences économiques et sociales, cette nouvelle édition intègre les apports scientifiques des nouveaux courants de la géographie humaine. |
| 700 10 - ADDED ENTRY--PERSONAL NAME | |
| Personal name | Beguin, Hubert |
| Relator term | author |
| 700 10 - ADDED ENTRY--PERSONAL NAME | |
| Personal name | Scariati, Renato |
| Relator term | author |
| 856 41 - ELECTRONIC LOCATION AND ACCESS | |
| Uniform Resource Identifier | <a href="https://shs.cairn.info/introduction-a-la-geographie-humaine--9782200611552?lang=fr&redirect-ssocas=7080">https://shs.cairn.info/introduction-a-la-geographie-humaine--9782200611552?lang=fr&redirect-ssocas=7080</a> |
Pas d'exemplaire disponible.




Réseaux sociaux